[Event "Winnipeg op"]
[Site "Winnipeg CAN"]
[Date "2002.06.22"]
[Round "2.1"]
[White "Kaptsan, Aron"]
[Black "Mu, Yuchen"]
[Result "1-0"]
[WhiteElo "2105"]
[BlackElo "1802"]
[PlyCount "47"]
[EventDate "2002.06.21"]
[EventType "swiss"]
[EventRounds "5"]
[EventCountry "CAN"]

1. d4 Nf6 2. Nf3 g6 3. g3 Bg7 4. Bg2 O-O 5. O-O d6 6. a4 Nbd7 7. a5 e5 8. dxe5
dxe5 9. a6 e4 10. Ng5 bxa6 11. Nxe4 Nxe4 12. Bxe4 Rb8 13. c3 Qe7 14. Nd2 Nc5
15. Bg2 Bg4 16. f3 Be6 17. Qe1 Rfe8 18. Qf2 Rbd8 19. Ra5 Bh6 20. f4 Rxd2 21.
Qxc5 Qxc5+ 22. Rxc5 Rxe2 23. Bf3 Rc2 24. Be4 1-0

[Event "Winnipeg op"]
[Site "Winnipeg CAN"]
[Date "2002.06.22"]
[Round "2.2"]
[White "Vincent, Trevor"]
[Black "Lipnowski, Samuel"]
[Result "0-1"]
[WhiteElo "1838"]
[BlackElo "2034"]
[PlyCount "38"]
[EventDate "2002.06.21"]
[EventType "swiss"]
[EventRounds "5"]
[EventCountry "CAN"]

1. c4 Nf6 2. g3 c6 3. Bg2 d5 4. Nf3 dxc4 5. Na3 b5 6. O-O e6 7. b3 Qa5 8. Nc2
cxb3 9. axb3 Qc7 10. d4 Nbd7 11. Re1 Be7 12. e4 O-O 13. Bf4 Qb6 14. Nd2 Bb7 15.
Be3 c5 16. e5 Nd5 17. Ne4 Nxe3 18. fxe3 cxd4 19. exd4 Nxe5 0-1

[Event "Winnipeg op"]
[Site "Winnipeg CAN"]
[Date "2002.06.22"]
[Round "2.3"]
[White "Khedkar, Jay"]
[Black "Reimer, Bruce"]
[Result "1-0"]
[WhiteElo "1936"]
[BlackElo "1262"]
[PlyCount "53"]
[EventDate "2002.06.21"]
[EventType "swiss"]
[EventRounds "5"]
[EventCountry "CAN"]

1. e4 e5 2. f4 Bc5 3. Nf3 Nf6 4. Nc3 d6 5. Bc4 O-O 6. d3 Bg4 7. Na4 Bb6 8. Nxb6
axb6 9. O-O Nc6 10. c3 Na5 11. Bb5 c6 12. Ba4 b5 13. Bc2 c5 14. h3 Bxf3 15.
Qxf3 Nc6 16. g4 Nd7 17. f5 Qh4 18. Kh2 b4 19. g5 bxc3 20. bxc3 f6 21. Bb3+ Kh8
22. Rg1 Ne7 23. Rg4 Qh5 24. Qf2 b5 25. Rh4 Qe8 26. Rxh7+ Kxh7 27. Qh4+ 1-0

[Event "Winnipeg op"]
[Site "Winnipeg CAN"]
[Date "2002.06.22"]
[Round "2.4"]
[White "Czarny, Keith"]
[Black "Lipnowski, Michael"]
[Result "1-0"]
[WhiteElo "1710"]
[BlackElo "1919"]
[PlyCount "51"]
[EventDate "2002.06.21"]
[EventType "swiss"]
[EventRounds "5"]
[EventCountry "CAN"]

1. Nf3 c5 2. c4 Nf6 3. Nc3 e6 4. g3 b6 5. Bg2 Bb7 6. O-O Be7 7. b3 O-O 8. Bb2
d6 9. e3 Nbd7 10. Ne2 Qc7 11. d4 Rfe8 12. Nc3 a6 13. Re1 Ne4 14. Nxe4 Bxe4 15.
Qd2 Qb7 16. Qe2 Nf6 17. Nh4 Bxg2 18. Nxg2 Qe4 19. Rad1 Red8 20. d5 exd5 21. f3
Qf5 22. cxd5 b5 23. e4 Qc8 24. Ne3 Ne8 25. Nf5 Bf6 26. Bxf6 1-0

[Event "Winnipeg op"]
[Site "Winnipeg CAN"]
[Date "2002.06.22"]
[Round "2.5"]
[White "Curtis, Rory"]
[Black "Sapina, Hrvoje"]
[Result "1-0"]
[WhiteElo "1698"]
[BlackElo "1649"]
[PlyCount "43"]
[EventDate "2002.06.21"]
[EventType "swiss"]
[EventRounds "5"]
[EventCountry "CAN"]

1. d4 d5 2. c4 Nf6 3. cxd5 Nxd5 4. e4 Nb6 5. Nf3 g6 6. Be2 Bg7 7. O-O Bg4 8.
Be3 Nc4 9. Bxc4 O-O 10. Nc3 c6 11. Qb3 b5 12. Nxb5 Nd7 13. Nc3 Bxf3 14. gxf3
Rb8 15. Qc2 Kh8 16. Kh1 e5 17. Qd2 Qh4 18. Rg1 exd4 19. Bxd4 Ne5 20. Be2 Rbd8
21. Qe3 Bh6 22. Bxe5+ 1-0

[Event "Winnipeg op"]
[Site "Winnipeg CAN"]
[Date "2002.06.22"]
[Round "2.6"]
[White "Gannon, Keith"]
[Black "Trueman, Francis"]
[Result "1-0"]
[WhiteElo "1558"]
[BlackElo "1418"]
[PlyCount "57"]
[EventDate "2002.06.21"]
[EventType "swiss"]
[EventRounds "5"]
[EventCountry "CAN"]

1. e4 d6 2. Nf3 Nf6 3. Nc3 g6 4. d4 Bg7 5. Be2 O-O 6. O-O c6 7. Re1 Qc7 8. Be3
Nbd7 9. Qd2 e5 10. Rad1 Re8 11. dxe5 dxe5 12. a3 Nf8 13. Qc1 Ne6 14. Ng5 Nf8
15. Bc4 Be6 16. Nxe6 Nxe6 17. Bxe6 Rxe6 18. Rd3 h5 19. Red1 Ree8 20. f3 Bf8 21.
Qd2 Be7 22. Ne2 c5 23. c4 Rad8 24. Nc3 Rxd3 25. Qxd3 Bf8 26. Nd5 Qc8 27. Nxf6+
Kg7 28. Nxe8+ Qxe8 29. Qd5 1-0

[Event "Winnipeg op"]
[Site "Winnipeg CAN"]
[Date "2002.06.22"]
[Round "2.7"]
[White "Hou, Jeff"]
[Black "Anderson, George"]
[Result "1/2-1/2"]
[WhiteElo "1361"]
[BlackElo "1542"]
[PlyCount "125"]
[EventDate "2002.06.21"]
[EventType "swiss"]
[EventRounds "5"]
[EventCountry "CAN"]

1. e4 e6 2. d4 d5 3. e5 c5 4. c3 Bd7 5. Nd2 Qb6 6. Ndf3 cxd4 7. cxd4 Ne7 8. Bd3
Bb5 9. Bxb5+ Qxb5 10. Ne2 Nf5 11. O-O Nc6 12. b3 Rc8 13. Bb2 Be7 14. Re1 O-O
15. Rc1 Qb6 16. h3 Bb4 17. Rf1 Rc7 18. a3 Be7 19. Qd3 Rfc8 20. Rfd1 a5 21. Rd2
Na7 22. Rdc2 Rxc2 23. Rxc2 Rxc2 24. Qxc2 Qc6 25. Qxc6 Nxc6 26. Kf1 Na7 27. Ke1
Nb5 28. a4 Bb4+ 29. Kd1 Nc7 30. Kc2 Ne7 31. Bc3 Na6 32. Nc1 Nc6 33. Na2 Be7 34.
Nd2 b6 35. f4 Bh4 36. g4 h5 37. Nf3 Bg3 38. f5 exf5 39. gxf5 h4 40. Kd2 Ne7 41.
f6 Ng6 42. Ke3 Nc7 43. b4 axb4 44. Nxb4 gxf6 45. exf6 Kf8 46. Ne5 Nf4 47. Nd7+
Ke8 48. Nxb6 Nxh3 49. N6xd5 Ng5 50. Nf4 h3 51. Ne2 Bd6 52. Kf2 Ne4+ 53. Kg1
Nxc3 54. Nxc3 Bxb4 55. Ne4 Ne6 56. d5 Nf4 57. d6 Kd7 58. Ng5 Kxd6 59. Nxf7+ Kc6
60. Ng5 Bd6 61. f7 h2+ 62. Kh1 Ng6 63. Nf3 1/2-1/2

[Event "Winnipeg op"]
[Site "Winnipeg CAN"]
[Date "2002.06.22"]
[Round "3.1"]
[White "Khedkar, Jay"]
[Black "Kaptsan, Aron"]
[Result "1/2-1/2"]
[WhiteElo "1936"]
[BlackElo "2105"]
[PlyCount "61"]
[EventDate "2002.06.21"]
[EventType "swiss"]
[EventRounds "5"]
[EventCountry "CAN"]

1. e4 Nf6 2. e5 Nd5 3. d4 d6 4. c4 Nb6 5. f4 dxe5 6. fxe5 Bf5 7. Nc3 e6 8. Nf3
Bb4 9. Be3 O-O 10. Be2 c5 11. O-O cxd4 12. Nxd4 Bg6 13. Qb3 Bc5 14. Rad1 Nc6
15. Ncb5 Qe7 16. Nxc6 bxc6 17. Nd6 Bxe3+ 18. Qxe3 Rad8 19. Bf3 Qc7 20. b3 Rd7
21. Qc5 f6 22. Bg4 Re7 23. exf6 Rxf6 24. Rxf6 Nd7 25. Rf8+ Kxf8 26. Qf2+ Kg8
27. Bf3 e5 28. Be4 Bxe4 29. Nxe4 Rf7 30. Qe3 Nf6 31. Ng5 1/2-1/2

[Event "Winnipeg op"]
[Site "Winnipeg CAN"]
[Date "2002.06.22"]
[Round "3.2"]
[White "Lipnowski, Samuel"]
[Black "Czarny, Keith"]
[Result "1-0"]
[WhiteElo "2034"]
[BlackElo "1710"]
[PlyCount "37"]
[EventDate "2002.06.21"]
[EventType "swiss"]
[EventRounds "5"]
[EventCountry "CAN"]

1. e4 e6 2. d4 d5 3. Nc3 c5 4. exd5 cxd4 5. Qxd4 exd5 6. Qxd5 Qe7+ 7. Be3 Nf6
8. Bb5+ Nbd7 9. Qf3 g6 10. O-O-O Bg7 11. Bg5 O-O 12. Bxd7 Bxd7 13. Nd5 Qe6 14.
Nxf6+ Bxf6 15. Qxf6 Qxa2 16. Bh6 Qa1+ 17. Kd2 Qa5+ 18. c3 Qd5+ 19. Kc1 1-0

[Event "Winnipeg op"]
[Site "Winnipeg CAN"]
[Date "2002.06.22"]
[Round "3.3"]
[White "Lipnowski, Michael"]
[Black "Curtis, Rory"]
[Result "1-0"]
[WhiteElo "1919"]
[BlackElo "1698"]
[PlyCount "77"]
[EventDate "2002.06.21"]
[EventType "swiss"]
[EventRounds "5"]
[EventCountry "CAN"]

1. d4 d5 2. c4 c6 3. cxd5 cxd5 4. Nc3 Nf6 5. Bf4 Qa5 6. a3 Bg4 7. Qc2 Nc6 8. e3
e6 9. Rc1 Rc8 10. Bd3 Be7 11. Nge2 O-O 12. O-O Bh5 13. Qb3 b6 14. Qa2 Bg6 15.
Bb5 a6 16. Bxc6 Rxc6 17. b4 Bxb4 18. axb4 Qxa2 19. Nxa2 Rfc8 20. Rxc6 Rxc6 21.
Rc1 Rc4 22. Rxc4 dxc4 23. Nac3 b5 24. Bd6 Ne4 25. Nxe4 Bxe4 26. Nc3 f5 27. Nxe4
fxe4 28. Kf1 h5 29. f3 exf3 30. gxf3 Kf7 31. h4 Ke8 32. Ke2 Kd7 33. Be5 g6 34.
e4 Kc6 35. Kd2 Kb6 36. d5 exd5 37. exd5 Kb7 38. Kc3 Kc8 39. Kd4 1-0

[Event "Winnipeg op"]
[Site "Winnipeg CAN"]
[Date "2002.06.22"]
[Round "3.4"]
[White "Gannon, Keith"]
[Black "Vincent, Trevor"]
[Result "0-1"]
[WhiteElo "1558"]
[BlackElo "1838"]
[PlyCount "88"]
[EventDate "2002.06.21"]
[EventType "swiss"]
[EventRounds "5"]
[EventCountry "CAN"]

1. e4 c5 2. Nf3 Nc6 3. c3 g6 4. d4 cxd4 5. cxd4 Bg7 6. e5 a6 7. Be2 d6 8. exd6
Qxd6 9. Be3 Nf6 10. Nc3 Be6 11. Ng5 Bc8 12. Qb3 O-O 13. O-O Nxd4 14. Bxd4 Qxd4
15. Rad1 Qc5 16. Nce4 Nxe4 17. Nxe4 Qe5 18. Nc3 Rb8 19. Rfe1 Be6 20. Qc2 Qc7
21. Bf3 Rfc8 22. Re3 b5 23. Qe4 b4 24. Na4 Qc2 25. Qxc2 Rxc2 26. Be4 Rc7 27.
Bb1 Bd5 28. Rde1 e6 29. b3 f5 30. R3e2 Bd4 31. Bd3 a5 32. h3 f4 33. Be4 Rd8 34.
Bxd5 exd5 35. Re8+ Rxe8 36. Rxe8+ Kf7 37. Re2 Bc3 38. Nb6 d4 39. Nc4 Kf6 40.
Rc2 Re7 41. Rc1 Re2 42. Nxa5 d3 43. Rd1 d2 44. Kf1 Re1+ 0-1

[Event "Winnipeg op"]
[Site "Winnipeg CAN"]
[Date "2002.06.22"]
[Round "3.5"]
[White "Mu, Yuchen"]
[Black "Shome, Devarshi"]
[Result "1-0"]
[WhiteElo "1802"]
[BlackElo "1434"]
[PlyCount "67"]
[EventDate "2002.06.21"]
[EventType "swiss"]
[EventRounds "5"]
[EventCountry "CAN"]

1. c4 Nf6 2. Nc3 g6 3. d4 Bg7 4. e4 d6 5. f3 O-O 6. Be3 e5 7. d5 c6 8. Nge2
cxd5 9. cxd5 Bd7 10. Qd2 Na6 11. g4 Rc8 12. Ng3 Bxg4 13. fxg4 Nxg4 14. Bxa6
Nxe3 15. Qxe3 bxa6 16. h4 f5 17. Qxa7 f4 18. Nf1 Qa5 19. Nd2 Rxc3 20. bxc3 Qxc3
21. Rd1 f3 22. Kf2 Bh6 23. h5 Rf7 24. Qxa6 Bxd2 25. hxg6 Qe3+ 26. Kf1 hxg6 27.
Qc8+ Rf8 28. Rh8+ Kxh8 29. Qxf8+ Kh7 30. Qe7+ Kh6 31. Qh4+ Kg7 32. Qf2 Qd3+ 33.
Kg1 Qe2 34. Rxd2 1-0

[Event "Winnipeg op"]
[Site "Winnipeg CAN"]
[Date "2002.06.22"]
[Round "3.6"]
[White "Reimer, Bruce"]
[Black "Anderson, George"]
[Result "0-1"]
[WhiteElo "1262"]
[BlackElo "1542"]
[PlyCount "110"]
[EventDate "2002.06.21"]
[EventType "swiss"]
[EventRounds "5"]
[EventCountry "CAN"]

1. e4 c5 2. Nc3 Nc6 3. f4 d6 4. Nf3 Bg4 5. Bb5 a6 6. Bxc6+ bxc6 7. O-O d5 8. d3
e6 9. Qe1 d4 10. Ne2 Nf6 11. Ne5 Qd6 12. h3 Bxe2 13. Qxe2 Nd7 14. Nc4 Qe7 15.
e5 g6 16. Nd6+ Kd8 17. Qe4 Kc7 18. Bd2 a5 19. Nb5+ Kb6 20. Nd6 Bh6 21. a3 f6
22. Be1 f5 23. Qe2 a4 24. b3 g5 25. g3 Kc7 26. Bd2 axb3 27. cxb3 gxf4 28. Bxf4
Bxf4 29. Rxf4 Qg7 30. Kh2 Qxe5 31. Qxe5 Nxe5 32. Nc4 Nxd3 33. Rf3 Nb4 34. Re1
Rhe8 35. axb4 cxb4 36. Ne5 Ra2+ 37. Kg1 Rea8 38. Rc1 Kd6 39. Nxc6 Ra1 40. Rff1
Rxc1 41. Rxc1 Rc8 42. Rd1 Rxc6 43. Rxd4+ Kc5 44. Rh4 Rc7 45. Rh6 Kd5 46. Rh5
Rc3 47. Rxh7 Rxg3+ 48. Kh2 Rxb3 49. h4 Ke5 50. Rg7 Kf6 51. Rg1 Rc3 52. h5 Rc8
53. h6 b3 54. Rb1 Rb8 55. h7 Kg7 0-1

[Event "Winnipeg op"]
[Site "Winnipeg CAN"]
[Date "2002.06.22"]
[Round "3.7"]
[White "Sapina, Hrvoje"]
[Black "Hou, Jeff"]
[Result "0-1"]
[WhiteElo "1649"]
[BlackElo "1361"]
[PlyCount "83"]
[EventDate "2002.06.21"]
[EventType "swiss"]
[EventRounds "5"]
[EventCountry "CAN"]

1. e4 e5 2. Nf3 Nc6 3. Bb5 a6 4. Bxc6 dxc6 5. Nxe5 Qg5 6. Nf3 Qxg2 7. Rg1 Qh3
8. Rg3 Qe6 9. Ng5 Qf6 10. d4 Bd7 11. e5 Qf5 12. Rf3 Qg6 13. Rxf7 O-O-O 14. Qf3
Ne7 15. Qd3 Bf5 16. Rxf5 Nxf5 17. c3 Be7 18. f4 h6 19. Nf3 Rhf8 20. Be3 Qg2 21.
Nbd2 Nxe3 22. Qxe3 Qh1+ 23. Nf1 g5 24. O-O-O Rxf4 25. N1d2 Qg2 26. Rg1 Qh3 27.
Rg3 Qd7 28. h3 g4 29. hxg4 Rxg4 30. Rxg4 Qxg4 31. Qxh6 Bf8 32. Qh7 Qg2 33. Qf5+
Kb8 34. Ng5 Qg1+ 35. Kc2 Bh6 36. Nf7 Bxd2 37. Kxd2 Qg2+ 38. Kd3 Qxb2 39. Qf6
Rc8 40. Ng5 Qb1+ 41. Ke3 Qg1+ 42. Ke4 0-1

[Event "Winnipeg op"]
[Site "Winnipeg CAN"]
[Date "2002.06.23"]
[Round "4.1"]
[White "Kaptsan, Aron"]
[Black "Lipnowski, Samuel"]
[Result "1-0"]
[WhiteElo "2105"]
[BlackElo "2034"]
[PlyCount "79"]
[EventDate "2002.06.21"]
[EventType "swiss"]
[EventRounds "5"]
[EventCountry "CAN"]

1. d4 d5 2. Nf3 Nf6 3. Bg5 Ne4 4. Bh4 c5 5. e3 Qb6 6. Qc1 Nc6 7. c3 Bf5 8. Nbd2
Rc8 9. Nxe4 dxe4 10. dxc5 Qxc5 11. Nd4 Bg6 12. Nxc6 Qxc6 13. Be2 e5 14. O-O Bc5
15. Rd1 O-O 16. Qd2 Bf5 17. Rac1 Be6 18. b4 Bb6 19. c4 f6 20. c5 Bc7 21. b5 Qe8
22. Qb4 f5 23. a4 h6 24. f3 g5 25. Bf2 exf3 26. gxf3 Qh5 27. e4 Kh8 28. b6 axb6
29. cxb6 Bb8 30. Qe7 Rce8 31. Qxb7 fxe4 32. Qxe4 Bf5 33. Qd5 e4 34. Bg3 exf3
35. Bxf3 g4 36. Bg2 Bxg3 37. hxg3 Re2 38. Rd2 Qe8 39. Rxe2 Qxe2 40. Qd4+ 1-0

[Event "Winnipeg op"]
[Site "Winnipeg CAN"]
[Date "2002.06.23"]
[Round "4.2"]
[White "Lipnowski, Michael"]
[Black "Khedkar, Jay"]
[Result "1/2-1/2"]
[WhiteElo "1919"]
[BlackElo "1936"]
[PlyCount "60"]
[EventDate "2002.06.21"]
[EventType "swiss"]
[EventRounds "5"]
[EventCountry "CAN"]

1. d4 d5 2. c4 e6 3. cxd5 exd5 4. Nc3 Nf6 5. Bg5 Be7 6. e3 O-O 7. Bd3 c6 8. Qc2
Nbd7 9. Nf3 Re8 10. O-O Nf8 11. Rac1 g6 12. Bxf6 Bxf6 13. b4 b6 14. Nd2 Ne6 15.
Nb3 Bb7 16. a4 Rc8 17. a5 Qd6 18. Na4 Qxb4 19. Qc3 Qxc3 20. Rxc3 c5 21. Bb5
cxd4 22. Rxc8 Rxc8 23. axb6 axb6 24. Nxb6 Rc3 25. Na5 Bd8 26. Nxb7 Bxb6 27.
exd4 Nxd4 28. Ba4 Ne2+ 29. Kh1 Bxf2 30. Bd1 Ng3+ 1/2-1/2

[Event "Winnipeg op"]
[Site "Winnipeg CAN"]
[Date "2002.06.23"]
[Round "4.3"]
[White "Vincent, Trevor"]
[Black "Mu, Yuchen"]
[Result "1/2-1/2"]
[WhiteElo "1838"]
[BlackElo "1802"]
[PlyCount "70"]
[EventDate "2002.06.21"]
[EventType "swiss"]
[EventRounds "5"]
[EventCountry "CAN"]

1. d4 Nf6 2. Nf3 e6 3. g3 c5 4. Bg2 Nc6 5. O-O Be7 6. c4 cxd4 7. Nxd4 Qb6 8.
Nxc6 bxc6 9. Qc2 Ba6 10. b3 O-O 11. Bb2 d5 12. Nd2 Rab8 13. h3 Nd7 14. Rfd1 Bf6
15. Bxf6 Nxf6 16. Rac1 Rfc8 17. Bf1 Qc5 18. e3 Bb7 19. Nf3 Ne4 20. Bd3 Nf6 21.
Qc3 Ba8 22. cxd5 Qxc3 23. Rxc3 cxd5 24. Rdc1 Bb7 25. Nd4 Rxc3 26. Rxc3 Kf8 27.
Kf1 e5 28. Nb5 e4 29. Be2 Bc8 30. h4 a5 31. Nd6 Bh3+ 32. Ke1 Ke7 33. Nb5 Bd7
34. a4 Bxb5 35. Bxb5 Ra8 1/2-1/2

[Event "Winnipeg op"]
[Site "Winnipeg CAN"]
[Date "2002.06.23"]
[Round "4.4"]
[White "Czarny, Keith"]
[Black "Curtis, Rory"]
[Result "0-1"]
[WhiteElo "1710"]
[BlackElo "1698"]
[PlyCount "56"]
[EventDate "2002.06.21"]
[EventType "swiss"]
[EventRounds "5"]
[EventCountry "CAN"]

1. Nf3 d5 2. d4 Nf6 3. g3 Bf5 4. Bg2 e6 5. O-O Be7 6. c4 c6 7. cxd5 exd5 8. Nc3
Nbd7 9. Re1 h6 10. Bd2 O-O 11. Qc1 Re8 12. h3 Nf8 13. Ne5 Bd6 14. g4 Bh7 15. g5
hxg5 16. Bxg5 Bxe5 17. dxe5 Rxe5 18. Qf4 Re6 19. Rad1 Qb6 20. Na4 Qb5 21. b3
Ne4 22. Bxe4 Rxe4 23. Qf3 Re6 24. Rd4 Be4 25. Qf4 Rg6 26. Nc3 Qc5 27. Nxe4 Qxd4
28. Nf6+ Qxf6 0-1

[Event "Winnipeg op"]
[Site "Winnipeg CAN"]
[Date "2002.06.23"]
[Round "4.5"]
[White "Anderson, George"]
[Black "Gannon, Keith"]
[Result "0-1"]
[WhiteElo "1542"]
[BlackElo "1558"]
[PlyCount "80"]
[EventDate "2002.06.21"]
[EventType "swiss"]
[EventRounds "5"]
[EventCountry "CAN"]

1. c4 c5 2. Nc3 Nc6 3. g3 d6 4. Nf3 Nf6 5. d3 g6 6. Bg2 Bg7 7. O-O O-O 8. Nd2
Bd7 9. f4 a6 10. Nde4 Nxe4 11. Bxe4 f5 12. Bd5+ e6 13. Bg2 Bd4+ 14. e3 Bg7 15.
Qb3 Na5 16. Qc2 Bc6 17. e4 Bd4+ 18. Kh1 b5 19. cxb5 axb5 20. exf5 Bxg2+ 21.
Kxg2 Bxc3 22. bxc3 Rxf5 23. Bb2 c4 24. a4 cxd3 25. Qxd3 Nc4 26. Qe2 Nxb2 27.
axb5 Na4 28. Qxe6+ Rf7 29. c4 Nc5 30. Qd5 Rxa1 31. Rxa1 Kg7 32. Ra8 Qf6 33. b6
Qb2+ 34. Kh3 Qxb6 35. Qd4+ Kh6 36. Qd5 Qb7 37. Qg5+ Kg7 38. Rd8 Ne6 39. Qh4
Nxd8 40. Qxd8 Qd7+ 0-1

[Event "Winnipeg op"]
[Site "Winnipeg CAN"]
[Date "2002.06.23"]
[Round "4.6"]
[White "Shome, Devarshi"]
[Black "Hou, Jeff"]
[Result "1-0"]
[WhiteElo "1434"]
[BlackElo "1361"]
[PlyCount "55"]
[EventDate "2002.06.21"]
[EventType "swiss"]
[EventRounds "5"]
[EventCountry "CAN"]

1. e4 c5 2. Nf3 d6 3. d4 cxd4 4. Nxd4 Nf6 5. Nc3 g6 6. Be3 Bg7 7. f3 O-O 8. Qd2
Nc6 9. Bc4 Bd7 10. O-O-O Rc8 11. Bb3 Ne5 12. Bg5 Nc4 13. Bxc4 Rxc4 14. e5 dxe5
15. Nb3 Rc6 16. Bxf6 Bxf6 17. Qxd7 Qb6 18. Nd5 Qb5 19. Nxe7+ Bxe7 20. Qxe7 Qa4
21. Kb1 Ra6 22. a3 Qc4 23. Rhe1 Rc6 24. Rd2 Rc7 25. Qxe5 Rfc8 26. Red1 h6 27.
Rd8+ Kh7 28. Qh8# 1-0

[Event "Winnipeg op"]
[Site "Winnipeg CAN"]
[Date "2002.06.23"]
[Round "4.7"]
[White "Reimer, Bruce"]
[Black "Trueman, Francis"]
[Result "0-1"]
[WhiteElo "1262"]
[BlackElo "1418"]
[PlyCount "58"]
[EventDate "2002.06.21"]
[EventType "swiss"]
[EventRounds "5"]
[EventCountry "CAN"]

1. e4 d6 2. d4 Nf6 3. Nc3 g6 4. f4 Bg7 5. Nf3 O-O 6. Bd3 c6 7. O-O e5 8. fxe5
dxe5 9. dxe5 Ng4 10. Bf4 Qb6+ 11. Kh1 Nf2+ 12. Rxf2 Qxf2 13. Qd2 Qxd2 14. Nxd2
b6 15. Bc4 Be6 16. Bxe6 fxe6 17. g3 Nd7 18. Rf1 g5 19. Bxg5 Rxf1+ 20. Nxf1 Nxe5
21. Kg2 Nc4 22. Bc1 Rd8 23. h4 h5 24. Kh3 Bxc3 25. bxc3 Rd1 26. Ne3 Nxe3 27.
Bxe3 Re1 28. Bf4 Rxe4 29. Kg2 Re2+ 0-1

[Event "Winnipeg op"]
[Site "Winnipeg CAN"]
[Date "2002.06.23"]
[Round "5.1"]
[White "Kaptsan, Aron"]
[Black "Lipnowski, Michael"]
[Result "1/2-1/2"]
[WhiteElo "2105"]
[BlackElo "1919"]
[PlyCount "29"]
[EventDate "2002.06.21"]
[EventType "swiss"]
[EventRounds "5"]
[EventCountry "CAN"]

1. d4 Nf6 2. Nf3 g6 3. g3 Bg7 4. Bg2 O-O 5. O-O d6 6. a4 Nfd7 7. a5 a6 8. c4 e5
9. Nc3 Re8 10. e4 h6 11. h3 exd4 12. Nxd4 Nc5 13. Re1 Ne6 14. Be3 Ng5 15. Bxg5
1/2-1/2

[Event "Winnipeg op"]
[Site "Winnipeg CAN"]
[Date "2002.06.23"]
[Round "5.2"]
[White "Lipnowski, Samuel"]
[Black "Khedkar, Jay"]
[Result "1-0"]
[WhiteElo "2034"]
[BlackElo "1936"]
[PlyCount "61"]
[EventDate "2002.06.21"]
[EventType "swiss"]
[EventRounds "5"]
[EventCountry "CAN"]

1. e4 c5 2. Nf3 e6 3. d4 cxd4 4. Nxd4 Nf6 5. Nc3 d6 6. g4 Nc6 7. g5 Nd7 8. h4
Qc7 9. Be3 a6 10. Qh5 Nc5 11. O-O-O g6 12. Qe2 Bg7 13. Bg2 Bd7 14. f4 O-O 15.
h5 b5 16. Qf2 b4 17. Nce2 Rac8 18. Kb1 e5 19. fxe5 dxe5 20. Nxc6 Bxc6 21. Bxc5
Bb5 22. Bxf8 Qxc2+ 23. Ka1 Rxf8 24. Bf3 f5 25. Qe3 fxe4 26. Bg4 gxh5 27. Bxh5
Rf3 28. Bxf3 exf3 29. Qxf3 Qxb2+ 30. Kxb2 e4+ 31. Qf6 1-0

[Event "Winnipeg op"]
[Site "Winnipeg CAN"]
[Date "2002.06.23"]
[Round "5.3"]
[White "Curtis, Rory"]
[Black "Vincent, Trevor"]
[Result "1-0"]
[WhiteElo "1698"]
[BlackElo "1838"]
[PlyCount "49"]
[EventDate "2002.06.21"]
[EventType "swiss"]
[EventRounds "5"]
[EventCountry "CAN"]

1. d4 d5 2. c4 c6 3. Nf3 Nf6 4. Nc3 g6 5. Bg5 Bg7 6. e3 O-O 7. Rc1 Bg4 8. Qb3
b6 9. Ne5 Bc8 10. h4 Bb7 11. cxd5 cxd5 12. Be2 h6 13. Bf4 e6 14. Qc2 a6 15. h5
g5 16. Bxg5 hxg5 17. h6 Bh8 18. h7+ Kg7 19. Kd2 Ne4+ 20. Nxe4 dxe4 21. Rh5 b5
22. Rch1 Qa5+ 23. Qc3 Qxc3+ 24. bxc3 Nc6 25. Nd7 1-0

[Event "Winnipeg op"]
[Site "Winnipeg CAN"]
[Date "2002.06.23"]
[Round "5.4"]
[White "Mu, Yuchen"]
[Black "Czarny, Keith"]
[Result "1-0"]
[WhiteElo "1802"]
[BlackElo "1710"]
[PlyCount "65"]
[EventDate "2002.06.21"]
[EventType "swiss"]
[EventRounds "5"]
[EventCountry "CAN"]

1. e4 Nf6 2. e5 Nd5 3. d4 e6 4. c4 Nb6 5. Nc3 d6 6. f4 Be7 7. Nf3 O-O 8. Be3
N8d7 9. Bd3 f5 10. Qc2 a5 11. O-O-O c5 12. exd6 Bxd6 13. dxc5 Bxc5 14. Bxc5
Nxc5 15. Bxf5 Qf6 16. Bxh7+ Kh8 17. g3 e5 18. Nxe5 Be6 19. Ng6+ Kxh7 20. Nxf8+
Kg8 21. Nxe6 Qxe6 22. Nd5 Nxd5 23. Rxd5 Na6 24. Rhd1 Nb4 25. Rd8+ Rxd8 26.
Rxd8+ Kf7 27. Qd2 Qxc4+ 28. Kd1 Qf1+ 29. Qe1 Qf3+ 30. Qe2 Qh1+ 31. Kd2 Qc6 32.
Qh5+ g6 33. Qh7+ 1-0

[Event "Winnipeg op"]
[Site "Winnipeg CAN"]
[Date "2002.06.23"]
[Round "5.5"]
[White "Gannon, Keith"]
[Black "Shome, Devarshi"]
[Result "0-1"]
[WhiteElo "1558"]
[BlackElo "1434"]
[PlyCount "78"]
[EventDate "2002.06.21"]
[EventType "swiss"]
[EventRounds "5"]
[EventCountry "CAN"]

1. e4 e6 2. Nf3 d5 3. exd5 exd5 4. d4 Nf6 5. Be2 Bd6 6. Nc3 Nc6 7. Nb5 O-O 8.
Nxd6 Qxd6 9. O-O Bf5 10. c3 Rfe8 11. Re1 Re7 12. Bg5 Rae8 13. Nh4 Bd7 14. Bxf6
Qxf6 15. Nf3 Bg4 16. Qd2 h6 17. h3 Bf5 18. Bb5 Rxe1+ 19. Rxe1 Rxe1+ 20. Qxe1
Bxh3 21. gxh3 Qxf3 22. Bxc6 bxc6 23. Qe8+ Kh7 24. Qxc6 Qxh3 25. Qxd5 Qg4+ 26.
Kf1 h5 27. Qxf7 h4 28. Qxc7 h3 29. Ke1 Qg1+ 30. Ke2 h2 31. Qf7 h1=Q 32. Qf5+
Qg6 33. Qf4 Qhe4+ 34. Qxe4 Qxe4+ 35. Kd2 Qf3 36. Ke1 Qd3 37. b3 Kg6 38. a4 Kf5
39. b4 Kf4 0-1

[Event "Winnipeg op"]
[Site "Winnipeg CAN"]
[Date "2002.06.23"]
[Round "5.6"]
[White "Trueman, Francis"]
[Black "Anderson, George"]
[Result "1-0"]
[WhiteElo "1418"]
[BlackElo "1542"]
[PlyCount "41"]
[EventDate "2002.06.21"]
[EventType "swiss"]
[EventRounds "5"]
[EventCountry "CAN"]

1. Nf3 e6 2. g3 d5 3. d3 c5 4. c3 Nc6 5. Bg2 Qc7 6. O-O Nge7 7. Nbd2 Ng6 8. Re1
Bd6 9. e4 d4 10. Nc4 f6 11. Nxd6+ Qxd6 12. h4 O-O 13. h5 Nge5 14. Nh2 dxc3 15.
bxc3 Qxd3 16. Be3 c4 17. Qc1 Qd7 18. Qc2 Nd3 19. Red1 Nce5 20. f4 Nc6 21. Nf3
1-0

[Event "Winnipeg op"]
[Site "Winnipeg CAN"]
[Date "2002.06.23"]
[Round "5.7"]
[White "Hou, Jeff"]
[Black "Reimer, Bruce"]
[Result "1/2-1/2"]
[WhiteElo "1361"]
[BlackElo "1262"]
[PlyCount "55"]
[EventDate "2002.06.21"]
[EventType "swiss"]
[EventRounds "5"]
[EventCountry "CAN"]

1. e4 e5 2. Nf3 d6 3. Nc3 Be7 4. Be2 Nf6 5. h3 O-O 6. O-O Nc6 7. d4 exd4 8.
Nxd4 Nxd4 9. Qxd4 Be6 10. Be3 d5 11. exd5 Nxd5 12. Nxd5 Qxd5 13. Qc3 Qd7 14.
Rad1 Qc8 15. Bf4 c6 16. Qg3 g6 17. Bh6 Re8 18. Qc3 f6 19. Bc4 b5 20. Bxe6+ Qxe6
21. Rfe1 Qf7 22. Qxc6 Rac8 23. Qxb5 Rxc2 24. Rd2 Rxd2 25. Bxd2 g5 26. Bb4 h6
27. Qd7 Kf8 28. Bxe7+ 1/2-1/2

[Event "Winterfest"]
[Site "Kelowna CAN"]
[Date "2002.02.16"]
[Round "1"]
[White "Hanna, Josh"]
[Black "Chranowski, Rick"]
[Result "0-1"]
[WhiteElo "1626"]
[BlackElo "1880"]
[PlyCount "51"]
[EventDate "2002.02.16"]
[EventType "swiss"]
[EventRounds "5"]
[EventCountry "CAN"]

1. d4 b6 2. Nf3 Bb7 3. e3 e6 4. c4 f5 5. Bd3 Nf6 6. Nbd2 Bb4 7. a3 Bxd2+ 8.
Bxd2 Nc6 9. b4 Ne7 10. Bc3 O-O 11. Rb1 Ne4 12. Bxe4 fxe4 13. Ne5 d6 14. Ng4 h5
15. Nh6+ gxh6 16. Qxh5 Kh7 17. g4 Ng6 18. Rg1 Qh4 19. Rb2 Qxh5 20. gxh5 Nh4 21.
Kd1 Rg8 22. Rg3 Bc6 23. Re2 Be8 24. Kc2 Bxh5 25. Re1 Raf8 26. Rxg8 0-1